Distillation : (Record no. 20038)

MARC details
000 -LEADER
fixed length control field 01700cam a2200349 i 4500
001 - CONTROL NUMBER
control field 016760513
003 - CONTROL NUMBER IDENTIFIER
control field EG-ScBUE
005 - DATE AND TIME OF LATEST TRANSACTION
control field 20250731102309.0
008 - FIXED-LENGTH DATA ELEMENTS--GENERAL INFORMATION
fixed length control field 140626s2014 enkadk f b 001 0 eng d
020 ## - INTERNATIONAL STANDARD BOOK NUMBER
International Standard Book Number 9780123868763 (hbk.)
020 ## - INTERNATIONAL STANDARD BOOK NUMBER
International Standard Book Number 0123868769 (hbk.)
040 ## - CATALOGING SOURCE
Original cataloging agency StDuBDS
Language of cataloging eng
Description conventions rda
Transcribing agency StDuBDS
Modifying agency EG-ScBUE
-- EG-ScBUE
082 04 - DEWEY DECIMAL CLASSIFICATION NUMBER
Edition number 22
Classification number 542.4
Item number DIS
245 00 - TITLE STATEMENT
Title Distillation :
Remainder of title operation and applications /
Statement of responsibility, etc edited by Andrzej Górak, Hartmut Schoenmakers.
264 #1 - PUBLICATION, DISTRIBUTION, ETC. (IMPRINT)
Place of publication, distribution, etc London :
Name of publisher, distributor, etc Academic Press / Elsevier,
Date of publication, distribution, etc 2014.
300 ## - PHYSICAL DESCRIPTION
Extent xx, 445 pages :
-- charts, forms, tables ;
Dimensions 24 cm
336 ## - CONTENT TYPE
Source rdacontent
Content type term text
Content type code txt
337 ## - MEDIA TYPE
Source rdamedia
Media type term unmediated
Media type code n
338 ## - CARRIER TYPE
Source rdacarrier
Carrier type term volume
Carrier type code nc
504 ## - BIBLIOGRAPHY, ETC. NOTE
Bibliography, etc Includes bibliographical references and index.<br/>
520 ## - SUMMARY, ETC.
Summary, etc Distillation: Operation and Applications is a single source of authoritative information on all aspects of the theory and practice of modern distillation, suitable for advanced students and professionals working in a laboratory, industrial plants, or a managerial capacity. It addresses the most important and current research on industrial distillation, including all steps in process design (feasibility study, modeling, and experimental validation), together with operation and control aspects. This volume features an extra focus on distillation applications.
590 ## - LOCAL NOTE (RLIN)
Local note Wessam
650 #7 - SUBJECT ADDED ENTRY--TOPICAL TERM
Topical term or geographic name as entry element Distillation.
Source of heading or term BUEsh
9 (RLIN) 41614
651 ## - SUBJECT ADDED ENTRY--GEOGRAPHIC NAME
Source of heading or term BUEsh
653 ## - INDEX TERM--UNCONTROLLED
Resource For college Engineering, General
Arrived date list January2016
653 ## - INDEX TERM--UNCONTROLLED
Resource For college Engineering, General
Arrived date list June2015
653 ## - INDEX TERM--UNCONTROLLED
Resource For college Engineering, Chemical
Arrived date list October2016
655 ## - INDEX TERM--GENRE/FORM
Form subdivision Reading book
700 1# - ADDED ENTRY--PERSONAL NAME
Personal name Górak, Andrzej‏
Relator term editor.
9 (RLIN) 41615
700 1# - ADDED ENTRY--PERSONAL NAME
Personal name Schoenmakers, Hartmut,
Relator term editor.
9 (RLIN) 41616
942 ## - ADDED ENTRY ELEMENTS (KOHA)
Source of classification or shelving scheme Dewey Decimal Classification
Koha item type Book - Borrowing
Holdings
Withdrawn status Lost status Source of classification or shelving scheme Damaged status Not for loan Collection code Home library Current library Shelving location Date acquired Source of acquisition Cost, normal purchase price Serial Enumeration / chronology Total Checkouts Full call number Barcode Date last seen Date checked out Cost, replacement price Koha item type
    Dewey Decimal Classification     Alahram Central Library Central Library First floor 29/06/2015 Purchase 1205.00 323 1 542.4 DIS 000038873 15/07/2025 26/03/2018 1506.25 Book - Borrowing
    Dewey Decimal Classification     Baccah Central Library Central Library First floor 25/10/2016 Purchase 1560.00 3652   542.4 DIS 000034479 15/07/2025   1950.00 Book - Borrowing